000 00469nam a22001457a 4500
008 140923b xxu||||| |||| 00| 0 eng d
050 _aBL80.Z3
100 _aZaehner, Charles R.
_911470
245 _aAt sundry times
_ban essay in the comparison of religions /
_cR. C. Zaehner
260 _aLondon
_bFaber and Faber Limited
_c1958
300 _a230p. :
_c22cm.
650 _aReligions
_911471
650 _aChristianity
_xOther religions
_911472
942 _2lcc
_cMONOGRAPH
999 _c120902
_d120902